000 02630nam a2200349 i 4500
003 DO-SdBNP
005 20260516175342.0
007 ta
008 250721b2019 dr a || |||| 001 0 spa d
020 _a9789945434118
040 _aDO-SdBNP
_bspa
_cBNPHU
_erda
041 _aspa
082 _a614.1797293
_bM827
_223
100 1 _aMora García, Wilfredo
_d1965-
_eautor
_4aut.
_934652
245 1 3 _aEl arte del antropólogo forense /
_cWilfredo Mora García
250 _a1era. edición
264 _aSanto Domingo, República Dominicana :
_bEditora 12 de Octubre : Sociedad Dominicana de Criminología,
_c2019
300 _a116 páginas :
_bilustraciones ;
_c19 cm
336 _atexto
_btxt
_2rdacontent
337 _asin mediación
_bn
_2rdamedia
338 _avolumen
_bnc
_2rdacarrier
490 _aPensamiento criminológico dominicano ;
_v4
490 _aInformes de Criminología y Ciencias Forenses
500 _aIncluye datos biografícos del autor en la contraportada.
500 _aIncluye índice analítico.
504 _aBibliografía p: 105-107.
520 _aEl arte del antropólogo forense, fue escrito para exponer los diferentes problemas que definen el trabajo del antropólogo forense. Para que esto pueda entenderse fue necesario realizar un recorrido por la Antropología física y biológica, y sus conceptos centrales. Una característica de esta obra es que se concibió doblemente. Primero como estudio prolegómeno del tema forense; y, en segundo lugar, sería parte del material de tema de la tesis de grado para cerrar los estudios universitarios del autor. Luego, los demás asuntos que complementan este libro tienen que ver con los acontecimientos que se han producido en el país, que demandan la intervención de los antropólogos forenses de manera perentoria. El arte del antropólogo forense se definirá, pues, por sus perfiles de científico forense, en los casos donde interviene: debe ser neutral, objetivo, independiente, científico y apolítico. Wilfredo Mora García nos muestra una antropología forense larvaria, donde trata temas diversos como la identificación de restos óseos, los traumatismos y las enfermedades de los huesos, los cuales se explican a través de métodos clásicos como los registros arqueológicos, tafonomía y paleopatología, entre otros. Ahora que la Antropología forense tiene una oportunidad es necesario la creación de una Unidad Básica de Gestión de Antropología Forense en el INACIF.
590 _aInventariado, 2025/ YL
650 _aAntropologia forense
_zRepública Dominicana
_988399
910 _aYLockward
942 _2ddc
_cLBS1
999 _c59587
_d59587